| 000 | 00378cam a22001097a 4500 | ||
|---|---|---|---|
| 008 | 180718b xxu||||| |||| 00| 0 eng d | ||
| 082 | _aT19x54 K113 | ||
| 100 | _aKabra, Kamal Nayan | ||
| 245 |
_aEvolution of the policy towards nationalisation in India _cby Kamal Nayan Kabra |
||
| 260 |
_aNew Delhi _bIndian Institute of Public Administration _c |
||
| 650 | _aIndia - Economic conditions | ||
| 999 |
_c492486 _d492486 |
||